000 00917nam a2200265 a 4500
005 20200104041520.0
008 140227b1998 ne a gr|||| 00| 0 eng d
040 _aCO-BoIAVH
_cCO-BoIAVH
041 _aeng
082 4 _a599.769
_bG87r
100 1 _aGroenendijk, Jessica
245 1 _aReview of the distribution and conservation status of the Giant otter (Pteronura brasiliensis), with special emphasis on the Guayana shield region
260 _aAmsterdam
_bNetherlands Commitee for IUCN
_c1998
300 _a55 paginas.
_bilustraciones.;
_c22 x 29 cm
650 4 _aConservación de biodiversidad
650 4 _aDistribución geográfica
650 4 _aEcología de poblaciones
650 4 _aComportamiento
650 4 _aBiología
650 4 _aEcología
650 4 _aCacería
650 _aDeforestación
662 _aGuyana
942 _cLIBRO
_2ddc
999 _c1316
_d1316